The Canadian Commercial revolution 1845 -1851./ (Record no. 112857)

MARC details
000 -LEADER
fixed length control field 00511nam a22001697a 4500
003 - CONTROL NUMBER IDENTIFIER
control field BD-ChCU
005 - DATE AND TIME OF LATEST TRANSACTION
control field 20260511103732.0
008 - FIXED-LENGTH DATA ELEMENTS--GENERAL INFORMATION
fixed length control field 260511b bg ||||| |||| 00| 0 ben d
040 ## - CATALOGING SOURCE
Transcribing agency BD-ChCU
082 ## - DEWEY DECIMAL CLASSIFICATION NUMBER
Classification number 330.971 TUC
100 ## - MAIN ENTRY--PERSONAL NAME
Personal name Tucker , Gilbert Norman .
9 (RLIN) 22747
245 ## - TITLE STATEMENT
Title The Canadian Commercial revolution 1845 -1851./
Statement of responsibility, etc. Gilbert Norman , Tucker .
260 ## - PUBLICATION, DISTRIBUTION, ETC.
Place of publication, distribution, etc. New haven :
Name of publisher, distributor, etc. Yale Univ. press ,
Date of publication, distribution, etc. C 1936
300 ## - PHYSICAL DESCRIPTION
Extent 258p.
650 #0 - SUBJECT ADDED ENTRY--TOPICAL TERM
Topical term or geographic name entry element Canada - Economic Conditions .
9 (RLIN) 22748
942 ## - ADDED ENTRY ELEMENTS (KOHA)
Source of classification or shelving scheme Dewey Decimal Classification
Koha item type Books
Suppress in OPAC No
Holdings
Withdrawn status Lost status Source of classification or shelving scheme Damaged status Not for loan Home library Current library Shelving location Date acquired Source of acquisition Total Checkouts Full call number Barcode Date last seen Copy number Price effective from Koha item type
    Dewey Decimal Classification     Chittagong University Library Chittagong University Library Business and Social Science Reading Room 11/05/2026 Purchase   330.971 TUC 14725 11/05/2026 C-1 11/05/2026 Books
© Copyright 2026. Chittagong University Library, Installation and Maintenance by Prof. Dr. Md. Alamgir, 01711306253